000 00351nam a2200133Ia 4500
008 240624s9999 xx 000 0 und d
041 _aeng
082 _a658.452 MCC
100 _aMCCARTHY PASTY
245 _aPRESENTATION SKILLS THE ESSENTIAL GUIDE
260 _c2002
_aLondon
_bSage Publications
300 _axvii, : 267p. ; 21cm.
365 _cBPS
_b28
999 _c4743
_d4743